000 00319nam a22001337a 4500
008 170609b xxu||||| |||| 00| 0 eng d
020 _a0399127380
041 _aeng
080 _a328
100 _a19
101 _aSHP
245 _aCRISIS THE LAST YEAR OF THE CARTER PRESIDENCY
_cJORDAN.H
942 _2udc
_cBK
999 _c16693
_d16693